000 00505cam a2200145 4500500
005 20260329011138.0
041 _afre
042 _adc
100 1 0 _aVignes, Jean
_eauthor
245 0 0 _aUne politique à faire peur !
260 _c2025.
500 _a37
786 0 _nPratiques, les cahiers de la médecine utopique | 110 | 3 | 2025-08-27 | p. 23-25 | 0337-6400
856 4 1 _uhttps://stm.cairn.info/revue-pratiques-les-cahiers-de-la-medecine-utopique-2025-3-page-23?lang=fr&redirect-ssocas=7080
999 _c1859028
_d1859028